[Event "SVK-chT3A2 0910"]
[Site "Slovakia"]
[Date "2010.03.28"]
[Round "11.4"]
[White "Curidlo, Jan"]
[Black "Bahna, Jan"]
[Result "1/2-1/2"]
[WhiteElo "1938"]
[BlackElo "1960"]
[PlyCount "43"]
[EventDate "2009.10.18"]
[EventType "team-tourn"]
[EventRounds "11"]
[EventCountry "SVK"]
[SourceTitle "EXT 2011"]
[Source "ChessBase"]
[SourceDate "2010.11.26"]
[SourceVersion "1"]
[SourceVersionDate "2010.11.26"]
[SourceQuality "1"]
[WhiteTeam "Piestany Kupele II"]
[BlackTeam "Trnava III"]
[WhiteTeamCountry "SVK"]
[BlackTeamCountry "SVK"]

1. Nf3 Nf6 2. c4 e6 3. Nc3 d5 4. e3 Be7 5. Be2 0-0 6. 0-0 a6 7. d4 dxc4 8. Bxc4 b5 9. Bd3 c5 10. dxc5 Bxc5 11. a3 Bb7 12. Be2 Nc6 13. b4 Bd6 14. Bb2 Rc8 15. Rc1 Ne5 16. Nxe5 Bxe5 17. Qb3 Qd6 18. h3 Rfd8 19. Rfd1 Qb8 20. Rxd8+ Rxd8 21. Rd1 Qa8 22. Rxd8+ 1/2-1/2

[Event "SVK-chT3A2 0910"]
[Site "Slovakia"]
[Date "2010.02.28"]
[Round "9.2"]
[White "Hudacek, Josef"]
[Black "Curidlo, Jan"]
[Result "1-0"]
[WhiteElo "2070"]
[BlackElo "1938"]
[PlyCount "77"]
[EventDate "2009.10.18"]
[EventType "team-tourn"]
[EventRounds "11"]
[EventCountry "SVK"]
[SourceTitle "EXT 2011"]
[Source "ChessBase"]
[SourceDate "2010.11.26"]
[SourceVersion "1"]
[SourceVersionDate "2010.11.26"]
[SourceQuality "1"]
[WhiteTeam "Skalica"]
[BlackTeam "Piestany Kupele II"]
[WhiteTeamCountry "SVK"]
[BlackTeamCountry "SVK"]

1. e4 c5 2. Ne2 d6 3. g3 Nc6 4. Bg2 g6 5. 0-0 Bg7 6. c3 e5 7. d3 Nge7 8. Nd2 0-0 9. h3 Rb8 10. a4 a5 11. f4 f5 12. exf5 Bxf5 13. Ne4 b6 14. g4 Bc8 15. N4g3 exf4 16. Bxf4 Be5 17. Bh6 Bg7 18. Bg5 Rxf1+ 19. Nxf1 Qe8 20. Ne3 Be6 21. Nf4 Bf7 22. Nfd5 Nxd5 23. Nxd5 Qe5 24. Bf4 Qe6 25. Qd2 Qd7 26. Re1 Kf8 27. Bh6 Kg8 28. Qf4 Bxh6 29. Qxh6 Qd8 30. Rf1 Bxd5 31. Bxd5+ Kh8 32. Bxc6 Qg8 33. Be4 d5 34. Bg2 Re8 35. Qg5 d4 36. Bd5 Qg7 37. Rf7 Qe5 38. Rf8+ Kg7 39. Rg8+ 1-0

[Event "SVK-chT3A2 0910"]
[Site "Slovakia"]
[Date "2009.11.29"]
[Round "4.5"]
[White "Brunovsky, Peter"]
[Black "Curidlo, Jan"]
[Result "0-1"]
[WhiteElo "1762"]
[BlackElo "1938"]
[PlyCount "86"]
[EventDate "2009.10.18"]
[EventType "team-tourn"]
[EventRounds "11"]
[EventCountry "SVK"]
[SourceTitle "EXT 2011"]
[Source "ChessBase"]
[SourceDate "2010.11.26"]
[SourceVersion "1"]
[SourceVersionDate "2010.11.26"]
[SourceQuality "1"]
[WhiteTeam "Gbely"]
[BlackTeam "Piestany Kupele II"]
[WhiteTeamCountry "SVK"]
[BlackTeamCountry "SVK"]

1. d4 d5 2. Nf3 Nf6 3. Bf4 c6 4. c3 Bf5 5. e3 e6 6. Bd3 Bxd3 7. Qxd3 h6 8. Nbd2 Nbd7 9. 0-0 Be7 10. h3 0-0 11. e4 dxe4 12. Nxe4 Nxe4 13. Qxe4 Nf6 14. Qe2 Bd6 15. Ne5 Bxe5 16. Bxe5 Nh7 17. Qg4 Qg5 18. Qxg5 hxg5 19. f4 gxf4 20. Rxf4 f6 21. Bd6 Rfe8 22. Re1 Rad8 23. Ba3 Ng5 24. h4 Nh7 25. Rfe4 Kf7 26. g4 g6 27. b3 f5 28. Rf4 Nf6 29. g5 Nd5 30. Rf3 Rh8 31. c4 Nc7 32. Rf4 b6 33. Kg2 Na6 34. Kg3 Rhe8 35. Rf3 Rxd4 36. Bb2 Rg4+ 37. Kh3 Rd8 38. Rfe3 Nc5 39. b4 Ne4 40. Be5 Rd2 41. Bg3 a6 42. a3 Rxg3+ 43. Rxg3 Nxg3 0-1

[Event "SVK-chT2A 0910"]
[Site "Slovakia"]
[Date "2009.11.07"]
[Round "3.8"]
[White "Takacs, Laszlo"]
[Black "Curidlo, Jan"]
[Result "1-0"]
[WhiteElo "1838"]
[BlackElo "1938"]
[PlyCount "89"]
[EventDate "2009.10.10"]
[EventType "team-tourn"]
[EventRounds "11"]
[EventCountry "SVK"]
[SourceTitle "EXT 2011"]
[Source "ChessBase"]
[SourceDate "2010.11.26"]
[SourceVersion "1"]
[SourceVersionDate "2010.11.26"]
[SourceQuality "1"]
[WhiteTeam "Dunajska Streda SK II"]
[BlackTeam "Piestany Kupele"]
[WhiteTeamCountry "SVK"]
[BlackTeamCountry "SVK"]

1. e4 c5 2. Nf3 Nc6 3. d4 cxd4 4. Nxd4 Nf6 5. Nc3 a6 6. Be3 e6 7. Be2 Be7 8. 0-0 0-0 9. Kh1 Qc7 10. f4 d6 11. Qe1 Nxd4 12. Bxd4 e5 13. Be3 b5 14. a3 exf4 15. Bxf4 Be6 16. Qg3 Kh8 17. Rad1 Rad8 18. Bf3 Qc5 19. Rfe1 Rg8 20. Rd2 Rd7 21. Be3 Qc7 22. Red1 Rgd8 23. Ne2 Re8 24. Bf4 Red8 25. Nd4 Qc5 26. Nxe6 fxe6 27. Qh3 e5 28. Bg5 Qc4 29. Bxf6 gxf6 30. Bg4 Rc7 31. Be6 Qxe4 32. Bf5 Qxf5 33. Qxf5 Rg8 34. c3 Rg5 35. Qe4 f5 36. Qa8+ Kg7 37. Qxa6 Rc4 38. Qxb5 Rcg4 39. Qd7 Kf8 40. Rf1 f4 41. a4 e4 42. Re2 d5 43. a5 Rg7 44. a6 Bh4 45. Qxg4 1-0

[Event "SVK-chT3A2 0910"]
[Site "Slovakia"]
[Date "2009.10.18"]
[Round "1.4"]
[White "Kolesar, Rastislav"]
[Black "Curidlo, Jan"]
[Result "1/2-1/2"]
[WhiteElo "2012"]
[BlackElo "1938"]
[PlyCount "117"]
[EventDate "2009.10.18"]
[EventType "team-tourn"]
[EventRounds "11"]
[EventCountry "SVK"]
[SourceTitle "EXT 2011"]
[Source "ChessBase"]
[SourceDate "2010.11.26"]
[SourceVersion "1"]
[SourceVersionDate "2010.11.26"]
[SourceQuality "1"]
[WhiteTeam "Dunajska Streda SK III"]
[BlackTeam "Piestany Kupele II"]
[WhiteTeamCountry "SVK"]
[BlackTeamCountry "SVK"]

1. e4 d5 2. exd5 Qxd5 3. Nc3 Qa5 4. d4 Nf6 5. Nf3 c6 6. Bc4 Bf5 7. Bd2 Qc7 8. Ne5 e6 9. g4 Bg6 10. h4 Be4 11. Nxe4 Nxe4 12. Qe2 Nd6 13. Bb3 Na6 14. Bf4 Qe7 15. Nxc6 bxc6 16. Qxa6 Qb7 17. Qxb7 Nxb7 18. 0-0 Be7 19. Bg3 Bd6 20. Bxd6 Nxd6 21. Rfe1 Kd7 22. c4 Rab8 23. Re2 Ne8 24. d5 Nc7 25. dxc6+ Kxc6 26. Rd1 Rhd8 27. Red2 Rxd2 28. Rxd2 Rb4 29. f3 a5 30. Bc2 Rxc4 31. Bxh7 Nd5 32. Be4 Kc5 33. Bxd5 exd5 34. Kf2 d4 35. f4 Kd5 36. Kf3 Rc1 37. h5 Rh1 38. f5 f6 39. Rc2 Rf1+ 40. Rf2 Re1 41. Re2 Rf1+ 42. Kg2 Rb1 43. g5 d3 44. Rf2 Rc1 45. h6 gxh6 46. gxh6 Rc8 47. Kf3 Kd4 48. h7 Rh8 49. Rh2 a4 50. Kf4 a3 51. bxa3 Kc3 52. Ke3 Re8+ 53. Kf3 d2 54. Rxd2 Kxd2 55. Kg4 Rh8 56. Kh5 Rxh7+ 57. Kg6 Ra7 58. Kxf6 Ke3 59. Kg6 1/2-1/2